[Event "EU Small Countries ol 6th"]
[Site "San Marino"]
[Date "2019.03.30"]
[Round "9.2"]
[White "Said, Oliver"]
[Black "Garcia Paolicchi, Raul"]
[Result "1-0"]
[WhiteElo "1912"]
[BlackElo "2144"]
[PlyCount "81"]
[EventDate "2019.03.24"]
[EventType "team-tourn"]
[EventRounds "9"]
[EventCountry "SMR"]
[SourceTitle "CBM 189 Extra"]
[Source "ChessBase"]
[SourceDate "2019.06.03"]
[SourceVersion "1"]
[SourceVersionDate "2019.06.03"]
[SourceQuality "1"]
[WhiteTeam "Malta"]
[BlackTeam "Andorra"]
[WhiteTeamCountry "MLT"]
[BlackTeamCountry "AND"]

1. e4 c6 2. d4 d5 3. Nd2 dxe4 4. Nxe4 Bf5 5. Ng3 Bg6 6. h4 h6 7. Nf3 Nd7 8. h5 Bh7 9. Bd3 Bxd3 10. Qxd3 e6 11. Bd2 Ngf6 12. Ne4 Be7 13. 0-0-0 Nxe4 14. Qxe4 Nf6 15. Qe2 Qd5 16. c4 Qe4 17. Rhe1 Qxe2 18. Rxe2 0-0 19. Ne5 Rfd8 20. Ba5 Re8 21. g4 Bd8 22. Bc3 Bb6 23. f3 Rad8 24. a4 Nd7 25. Nd3 Bc7 26. Red2 Rb8 27. a5 b6 28. Ne5 Nxe5 29. dxe5 Red8 30. Rd7 Rxd7 31. Rxd7 Rc8 32. f4 bxa5 33. c5 Kf8 34. f5 Bb8 35. Kc2 exf5 36. gxf5 Re8 37. e6 f6 38. Bxa5 Re7 39. Bd8 Re8 40. e7+ Kf7 41. Rb7 1-0

[Event "EU Small Countries ol 6th"]
[Site "San Marino"]
[Date "2019.03.26"]
[Round "4.4"]
[White "Said, Oliver"]
[Black "Righi, Ezio"]
[Result "1/2-1/2"]
[WhiteElo "1912"]
[BlackElo "2011"]
[PlyCount "128"]
[EventDate "2019.03.24"]
[EventType "team-tourn"]
[EventRounds "9"]
[EventCountry "SMR"]
[SourceTitle "CBM 189 Extra"]
[Source "ChessBase"]
[SourceDate "2019.06.03"]
[SourceVersion "1"]
[SourceVersionDate "2019.06.03"]
[SourceQuality "1"]
[WhiteTeam "Malta"]
[BlackTeam "San Marino"]
[WhiteTeamCountry "MLT"]
[BlackTeamCountry "SMR"]

1. e4 c5 2. Nf3 e6 3. d4 cxd4 4. Nxd4 a6 5. Bd3 Bc5 6. Nb3 Ba7 7. Qe2 d6 8. Be3 Bxe3 9. Qxe3 Nf6 10. Nc3 Nc6 11. 0-0-0 0-0 12. f4 Qc7 13. h3 b5 14. g4 b4 15. Ne2 a5 16. Kb1 a4 17. Nbd4 Qa7 18. Qg1 Bb7 19. Nb5 Qxg1 20. Rhxg1 Rfd8 21. g5 Ne8 22. Rd2 d5 23. Rgd1 Ne7 24. e5 Nc6 25. Nbd4 Rdc8 26. Nxc6 Bxc6 27. Nd4 g6 28. h4 Ng7 29. Be2 Nf5 30. Nxf5 gxf5 31. Rd4 Rab8 32. Rg1 Kg7 33. Rg3 Bb5 34. Bd1 Rc4 35. Rxc4 dxc4 36. c3 Rd8 37. Kc1 b3 38. a3 Bc6 39. Be2 Bd5 40. Rg1 h6 41. Rd1 hxg5 42. hxg5 Rh8 43. Kd2 Rh3 44. Rf1 Kf8 45. Ke1 Ke7 46. Kf2 Kd7 47. Rg1 Kc6 48. Rg3 Rh2+ 49. Ke3 Rh1 50. Bf3 Rh2 51. Be2 Rh1 52. Bf3 Rc1 53. Bxd5+ Kxd5 54. Rg2 Re1+ 55. Kf3 Rf1+ 56. Ke3 Rd1 57. Re2 Rd3+ 58. Kf2 Rh3 59. Kg2 Rd3 60. Kf2 Kc6 61. Kg2 Kd7 62. Kf2 Ke7 63. Re3 Rd2+ 64. Re2 Rd3 1/2-1/2

[Event "EU Small Countries ol 6th"]
[Site "San Marino"]
[Date "2019.03.25"]
[Round "3.3"]
[White "Dornbusch, Tatiana"]
[Black "Said, Oliver"]
[Result "1-0"]
[WhiteElo "2282"]
[BlackElo "1912"]
[PlyCount "39"]
[EventDate "2019.03.24"]
[EventType "team-tourn"]
[EventRounds "9"]
[EventCountry "SMR"]
[SourceTitle "CBM 189 Extra"]
[Source "ChessBase"]
[SourceDate "2019.06.03"]
[SourceVersion "1"]
[SourceVersionDate "2019.06.03"]
[SourceQuality "1"]
[WhiteTeam "Monaco"]
[BlackTeam "Malta"]
[WhiteTeamCountry "MNC"]
[BlackTeamCountry "MLT"]

1. d4 Nf6 2. Nf3 g6 3. g3 Bg7 4. Bg2 0-0 5. 0-0 d5 6. c4 Nc6 7. cxd5 Nxd5 8. Nc3 Nb6 9. e3 Bd7 10. b3 Rc8 11. Ba3 Re8 12. Rc1 e5 13. Nxe5 Nxe5 14. dxe5 c6 15. f4 f5 16. exf6 Bxf6 17. Ne4 Nd5 18. Nxf6+ Nxf6 19. Bb2 Qe7 20. Bxf6 1-0

[Event "Olympiad-43"]
[Site "Batumi"]
[Date "2018.10.05"]
[Round "11.4"]
[White "Said, Oliver"]
[Black "Diaz, Brian"]
[Result "1-0"]
[WhiteElo "1924"]
[BlackElo "1737"]
[PlyCount "102"]
[EventDate "2018.09.24"]
[EventType "team-swiss"]
[EventRounds "11"]
[EventCountry "GEO"]
[SourceTitle "CBM 187"]
[Source "ChessBase"]
[SourceDate "2018.12.11"]
[SourceVersion "1"]
[SourceVersionDate "2018.12.11"]
[SourceQuality "1"]
[WhiteTeam "Malta"]
[BlackTeam "Aruba"]
[WhiteTeamCountry "MLT"]
[BlackTeamCountry "ARN"]

1. e4 c5 2. Nf3 e6 3. d4 cxd4 4. Nxd4 Nc6 5. Be2 Qc7 6. 0-0 a6 7. Nc3 Nf6 8. Be3 b5 9. a3 Bb7 10. f4 d6 11. Bf3 Be7 12. f5 Nxd4 13. Qxd4 0-0 14. Rad1 Rad8 15. Kh1 Nd7 16. a4 bxa4 17. fxe6 fxe6 18. Qxa4 Nc5 19. Qc4 a5 20. Bxc5 dxc5 21. Qxe6+ Kh8 22. Nd5 Bxd5 23. exd5 Rf6 24. Qe2 Rh6 25. h3 Bd6 26. Bg4 Qb6 27. Rde1 Qb8 28. Rf7 Rf6 29. Rxf6 gxf6 30. Qe6 Be5 31. b3 Re8 32. Qf7 Rf8 33. Qh5 Qb4 34. Rf1 Qb7 35. Qh6 Rg8 36. Be6 Rg7 37. Qh5 Qe7 38. Rd1 Bd4 39. Rf1 Rg5 40. Qf7 Qxf7 41. Bxf7 Kg7 42. Be6 Kf8 43. g4 h5 44. h4 Rg7 45. gxh5 Rh7 46. Rf5 Rg7 47. h6 Rh7 48. Kg2 Rxh6 49. h5 Ke7 50. Kf3 Bb2 51. Ke4 Bd4 1-0

[Event "Etna op 2nd"]
[Site "Nicolosi"]
[Date "2015.12.05"]
[Round "2"]
[White "Said, Oliver"]
[Black "Varriale, Luca"]
[Result "0-1"]
[WhiteElo "1944"]
[BlackElo "2099"]
[PlyCount "64"]
[EventDate "2015.12.04"]
[EventType "swiss"]
[EventRounds "7"]
[EventCountry "ITA"]
[SourceTitle "CBM 170 Extra"]
[Source "ChessBase"]
[SourceDate "2016.02.25"]
[SourceVersion "1"]
[SourceVersionDate "2016.02.25"]
[SourceQuality "1"]

1. e4 c6 2. d4 d5 3. Nc3 dxe4 4. Nxe4 Nf6 5. Ng3 h5 6. h4 Qc7 7. Nf3 Bg4 8. Be2 e6 9. Ne5 Bd6 10. f4 c5 11. Bxg4 hxg4 12. Ne2 cxd4 13. Qxd4 Bxe5 14. fxe5 Nc6 15. Qd6 Qa5+ 16. Bd2 Qxe5 17. Qxe5 Nxe5 18. 0-0-0 Ng6 19. g3 0-0-0 20. a4 Ne4 21. Be3 b6 22. a5 Kb7 23. axb6 axb6 24. b3 e5 25. h5 Ne7 26. Rxd8 Rxd8 27. h6 gxh6 28. Rxh6 Nd5 29. Bg1 Ndf6 30. Kb2 Rd1 31. Bxb6 Kxb6 32. Nc3 Rd6 0-1

[Event "Mediterranean-ch 10th"]
[Site "Beirut"]
[Date "2015.10.19"]
[Round "3"]
[White "Oknayan, Krikor"]
[Black "Said, Oliver"]
[Result "0-1"]
[WhiteElo "1771"]
[BlackElo "1933"]
[PlyCount "48"]
[EventDate "2015.10.16"]
[EventType "swiss"]
[EventRounds "9"]
[EventCountry "LBN"]
[SourceTitle "EXT 2018"]
[Source "ChessBase"]
[SourceDate "2017.10.13"]
[SourceVersion "1"]
[SourceVersionDate "2017.10.13"]
[SourceQuality "1"]

1. d4 d5 2. c4 Nc6 3. cxd5 Qxd5 4. e3 e5 5. Nc3 Bb4 6. a3 Bxc3+ 7. bxc3 Nf6 8. c4 Qd6 9. d5 Ne7 10. Bb2 Ne4 11. Nf3 f6 12. Bd3 Nc5 13. Bc2 0-0 14. 0-0 Bg4 15. h3 Bh5 16. g4 Be8 17. e4 Ng6 18. Kh2 Bd7 19. Rg1 Rae8 20. Rg3 Qa6 21. Nd2 Nf4 22. g5 fxg5 23. Rxg5 Qh6 24. Rg3 Nxh3 0-1

[Event "EU-ch Small Nations zt 1.10"]
[Site "Larnaka"]
[Date "2014.04.27"]
[Round "7"]
[White "Said, Oliver"]
[Black "Berend, Fred"]
[Result "0-1"]
[WhiteElo "1969"]
[BlackElo "2369"]
[PlyCount "136"]
[EventDate "2014.04.22"]
[EventType "tourn"]
[EventRounds "11"]
[EventCountry "CYP"]
[SourceTitle "CBM 160 Extra"]
[Source "ChessBase"]
[SourceDate "2014.07.01"]
[SourceVersion "1"]
[SourceVersionDate "2014.07.01"]
[SourceQuality "1"]

1. e4 c5 2. Nf3 e6 3. d4 cxd4 4. Nxd4 Nf6 5. Nc3 d6 6. Be2 Be7 7. 0-0 Nc6 8. Be3 0-0 9. f4 a6 10. Qe1 Bd7 11. Qg3 g6 12. Rad1 Rc8 13. Bf3 Na5 14. e5 Ne8 15. Bf2 Qc7 16. Rfe1 Bc6 17. Be2 b5 18. Bd3 Ng7 19. Ne4 Bxe4 20. Bxe4 dxe5 21. fxe5 Nc4 22. Nc6 Nxb2 23. Rb1 Nc4 24. Qc3 Bg5 25. Red1 Nf5 26. a4 Ne7 27. axb5 axb5 28. Rxb5 Nxc6 29. Qxc4 Ne7 30. Qb3 Rfd8 31. Rb1 Rd2 32. Bd3 Qc6 33. Qb4 Nd5 34. Qe4 Nc3 35. Qxc6 Rxc6 36. Rb8+ Kg7 37. Ra1 Rc7 38. Be1 Rd1 39. Rxd1 Nxd1 40. Bb4 Be3+ 41. Kf1 Bc5 42. Ba5 Ra7 43. Bd8 Ne3+ 44. Ke2 Ng4 45. Rb5 Bd4 46. Rb4 Rd7 47. Bf6+ Nxf6 48. exf6+ Bxf6 49. Bb5 Rd5 50. c4 Rg5 51. Kf3 Be7 52. Rb2 h5 53. g3 Bc5 54. Rd2 Rf5+ 55. Kg2 g5 56. h3 Re5 57. g4 h4 58. Rd3 Re2+ 59. Kf3 Re1 60. Kg2 Rg1+ 61. Kf3 Rg3+ 62. Ke2 Rg2+ 63. Kf3 Rh2 64. Ke4 Kf6 65. Rf3+ Ke7 66. Rd3 Re2+ 67. Kf3 Rf2+ 68. Ke4 Rf4+ 0-1

[Event "EU-ch Small Nations zt 1.10"]
[Site "Larnaka"]
[Date "2014.04.25"]
[Round "6"]
[White "Berg, Olaf"]
[Black "Said, Oliver"]
[Result "1-0"]
[WhiteElo "2306"]
[BlackElo "1969"]
[PlyCount "37"]
[EventDate "2014.04.22"]
[EventType "tourn"]
[EventRounds "11"]
[EventCountry "CYP"]
[SourceTitle "CBM 160 Extra"]
[Source "ChessBase"]
[SourceDate "2014.07.01"]
[SourceVersion "1"]
[SourceVersionDate "2014.07.01"]
[SourceQuality "1"]

1. e4 e5 2. Nf3 Nc6 3. d4 exd4 4. Nxd4 Qh4 5. Nc3 Bb4 6. Be2 Qxe4 7. Ndb5 Bxc3+ 8. bxc3 Kd8 9. 0-0 a6 10. Nd4 Nge7 11. Re1 Qg6 12. Bh5 Qf6 13. Bxf7 Nxd4 14. Qxd4 Qxf7 15. Bg5 Re8 16. Rxe7 Rxe7 17. Re1 Qg6 18. Bxe7+ Ke8 19. Bd6+ 1-0

[Event "EU-ch Small Nations zt 1.10"]
[Site "Larnaka"]
[Date "2014.04.22"]
[Round "1"]
[White "Said, Oliver"]
[Black "Kahn, Tito"]
[Result "1-0"]
[WhiteElo "1969"]
[BlackElo "1995"]
[PlyCount "107"]
[EventDate "2014.04.22"]
[EventType "tourn"]
[EventRounds "11"]
[EventCountry "CYP"]
[SourceTitle "CBM 160 Extra"]
[Source "ChessBase"]
[SourceDate "2014.07.01"]
[SourceVersion "1"]
[SourceVersionDate "2014.07.01"]
[SourceQuality "1"]

1. e4 c5 2. Nf3 e6 3. d4 cxd4 4. Nxd4 a6 5. Be2 Qc7 6. 0-0 Nc6 7. Be3 Nf6 8. Nc3 Bb4 9. Na4 b5 10. Nxc6 dxc6 11. Bc5 a5 12. c3 Bxc5 13. Nxc5 0-0 14. Qc2 Nd7 15. Nd3 c5 16. Rad1 c4 17. Nc1 Nc5 18. b3 Ba6 19. f4 e5 20. fxe5 Qxe5 21. Rd4 Ne6 22. Rd5 Qc7 23. Kh1 Nf4 24. Rd4 Nxe2 25. Nxe2 Rac8 26. bxc4 bxc4 27. Rfd1 Bb7 28. Qd2 Qe5 29. Ng3 Rfe8 30. Nf5 Rc6 31. Nd6 Rxd6 32. Rxd6 Bxe4 33. Rd8 f5 34. Rxe8+ Qxe8 35. Qd8 Qxd8 36. Rxd8+ Kf7 37. Rd7+ Kf6 38. Ra7 h5 39. Rxa5 h4 40. Kg1 g5 41. a4 g4 42. g3 hxg3 43. hxg3 Ke6 44. Kf2 Kd6 45. Ke3 Kc6 46. Kd4 Bd3 47. Ra6+ Kb7 48. Rf6 Ka7 49. Kc5 Kb7 50. a5 Ka7 51. Kb5 Be4 52. Rf7+ Kb8 53. Kb6 Kc8 54. a6 1-0

[Event "Gatwick e2e4 int op-A"]
[Site "Gatwick"]
[Date "2011.10.28"]
[Round "5"]
[White "Said, Oliver"]
[Black "Goodger, Martyn"]
[Result "1/2-1/2"]
[WhiteElo "1868"]
[BlackElo "2102"]
[PlyCount "79"]
[EventDate "2011.10.26"]
[EventType "swiss"]
[EventRounds "9"]
[EventCountry "ENG"]
[SourceTitle "EXT 2014"]
[Source "ChessBase"]
[SourceDate "2013.11.20"]
[SourceVersion "1"]
[SourceVersionDate "2013.11.20"]
[SourceQuality "1"]

1. d4 f5 2. g3 Nf6 3. Bg2 e6 4. Nf3 d5 5. 0-0 Bd6 6. c4 c6 7. b3 Qe7 8. Nc3 Nbd7 9. c5 Bc7 10. Bf4 e5 11. Nxe5 Nxe5 12. Bxe5 Bxe5 13. dxe5 Qxe5 14. Qc1 0-0 15. e3 Bd7 16. Ne2 Ne4 17. Qc2 Rae8 18. Rac1 Re6 19. Nd4 Rh6 20. f4 Qe7 21. Nf3 b6 22. b4 Bc8 23. Ne5 bxc5 24. Bxe4 fxe4 25. Qxc5 Qxc5 26. Rxc5 Ba6 27. Rfc1 Bb5 28. Nxc6 Bxc6 29. Rxc6 Rxc6 30. Rxc6 Rb8 31. g4 Rxb4 32. Rc8+ Kf7 33. Rc7+ Kf6 34. Rxa7 d4 35. Ra6+ Kf7 36. exd4 Rxd4 37. Kf2 Rd3 38. Ra4 Rf3+ 39. Kg2 Rxf4 40. h3 1/2-1/2

[Event "Gatwick e2e4 int op-A"]
[Site "Gatwick"]
[Date "2011.10.28"]
[Round "4"]
[White "Said, Oliver"]
[Black "Lenier, Jude"]
[Result "1/2-1/2"]
[WhiteElo "1868"]
[BlackElo "2049"]
[PlyCount "51"]
[EventDate "2011.10.26"]
[EventType "swiss"]
[EventRounds "9"]
[EventCountry "ENG"]
[SourceTitle "EXT 2014"]
[Source "ChessBase"]
[SourceDate "2013.11.20"]
[SourceVersion "1"]
[SourceVersionDate "2013.11.20"]
[SourceQuality "1"]

1. e4 e5 2. Nf3 Nc6 3. Bc4 Bc5 4. c3 Nf6 5. d4 exd4 6. cxd4 Bb4+ 7. Bd2 Bxd2+ 8. Nbxd2 d5 9. exd5 Nxd5 10. Qb3 Nce7 11. 0-0 0-0 12. Rfe1 c6 13. Ne4 Qb6 14. Qa3 Nf5 15. Nc5 Nd6 16. Bxd5 cxd5 17. Qc3 Bf5 18. Re5 Ne4 19. Qa3 Nxc5 20. Rxf5 Ne6 21. Rxd5 Rfd8 22. Rxd8+ Rxd8 23. Rd1 Nxd4 24. Rxd4 Rxd4 25. Nxd4 Qxd4 26. g3 1/2-1/2

[Event "Gatwick e2e4 int op-A"]
[Site "Gatwick"]
[Date "2011.10.26"]
[Round "1"]
[White "Clarke, Brandon GI"]
[Black "Said, Oliver"]
[Result "0-1"]
[WhiteElo "2140"]
[BlackElo "1868"]
[PlyCount "68"]
[EventDate "2011.10.26"]
[EventType "swiss"]
[EventRounds "9"]
[EventCountry "ENG"]
[SourceTitle "EXT 2014"]
[Source "ChessBase"]
[SourceDate "2013.11.20"]
[SourceVersion "1"]
[SourceVersionDate "2013.11.20"]
[SourceQuality "1"]

1. e4 c5 2. Nf3 g6 3. d4 cxd4 4. Nxd4 Bg7 5. c4 Nc6 6. Be3 Nf6 7. Nc3 0-0 8. Be2 d6 9. 0-0 Bd7 10. Rc1 Nxd4 11. Bxd4 Bc6 12. Qd3 a5 13. f4 Nd7 14. Bxg7 Kxg7 15. Qd4+ Kg8 16. Nd5 Bxd5 17. cxd5 Rc8 18. Bg4 Rxc1 19. Rxc1 Nc5 20. Rc3 b5 21. a3 a4 22. f5 g5 23. h4 h6 24. hxg5 hxg5 25. Rh3 f6 26. Bh5 Kg7 27. Rg3 Rh8 28. Rxg5+ Kf8 29. Bd1 Qa5 30. Kf2 Rh1 31. Be2 Qe1+ 32. Kf3 Nd7 33. Rg6 Ne5+ 34. Ke3 Qg1+ 0-1

[Event "Gatwick e2e4 op-A"]
[Site "Gatwick"]
[Date "2011.06.19"]
[Round "4"]
[White "Said, Oliver"]
[Black "Ignatovic, Ernest"]
[Result "1-0"]
[WhiteElo "1874"]
[BlackElo "1570"]
[PlyCount "89"]
[EventDate "2011.06.17"]
[EventType "swiss"]
[EventRounds "5"]
[EventCountry "ENG"]
[SourceTitle "CBM 143 Extra"]
[Source "ChessBase"]
[SourceDate "2011.08.29"]
[SourceVersion "1"]
[SourceVersionDate "2011.08.29"]
[SourceQuality "1"]

1. e4 e6 2. d4 d5 3. e5 c5 4. c3 Nc6 5. Nf3 Qb6 6. a3 a5 7. a4 cxd4 8. cxd4 Bb4+ 9. Nc3 Nge7 10. Bd3 Nf5 11. Be3 Bd7 12. 0-0 h6 13. Rb1 g5 14. Bxf5 exf5 15. Nxd5 Qd8 16. Nf6+ Kf8 17. d5 Ne7 18. Bb6 Qc8 19. Rc1 Nc6 20. Nxd7+ Qxd7 21. dxc6 Qe6 22. cxb7 Rb8 23. Bc5+ Bxc5 24. Rxc5 Rxb7 25. Qd6+ Kg7 26. Qxe6 fxe6 27. Rxa5 Rxb2 28. Nd4 Rb6 29. Ra7+ Kg6 30. a5 Rb4 31. Nxe6 Re4 32. f4 Re8 33. Ra6 Kf7 34. fxg5 Rxe6 35. Rxe6 Kxe6 36. gxh6 Rh4 37. Ra1 Rxh6 38. a6 Rh8 39. a7 Ra8 40. Ra5 Kd7 41. Kf2 Kc6 42. Kf3 Kb6 43. Ra2 Rxa7 44. Rxa7 Kxa7 45. Kf4 1-0

[Event "Gatwick e2e4 op-A"]
[Site "Gatwick"]
[Date "2011.06.18"]
[Round "3"]
[White "Norinkeviciute, Rasa"]
[Black "Said, Oliver"]
[Result "1-0"]
[WhiteElo "2012"]
[BlackElo "1874"]
[PlyCount "99"]
[EventDate "2011.06.17"]
[EventType "swiss"]
[EventRounds "5"]
[EventCountry "ENG"]
[SourceTitle "CBM 143 Extra"]
[Source "ChessBase"]
[SourceDate "2011.08.29"]
[SourceVersion "1"]
[SourceVersionDate "2011.08.29"]
[SourceQuality "1"]

1. c4 Nc6 2. g3 d5 3. cxd5 Qxd5 4. Nf3 Bf5 5. Nc3 Qd7 6. d3 e5 7. a3 0-0-0 8. Be3 Bh3 9. Qa4 Bxf1 10. Kxf1 f6 11. h4 Kb8 12. Qc4 Nge7 13. Kg2 Nf5 14. b4 Ncd4 15. Rac1 Nxe3+ 16. fxe3 Nf5 17. Kf2 a6 18. a4 Nd6 19. Qb3 Qg4 20. e4 g6 21. Nd5 Qe6 22. Rxc7 Nxe4+ 23. dxe4 Rxd5 24. Rxb7+ Kxb7 25. exd5 Qb6+ 26. Kg2 Bxb4 27. Rb1 a5 28. Rc1 e4 29. Nh2 f5 30. Qc4 Rd8 31. Nf1 Rf8 32. e3 Ba3 33. Rc3 Bb4 34. Rc2 Bd6 35. Nd2 Rd8 36. Qc3 Bb4 37. Qg7+ Kb8 38. Nc4 Qc7 39. Qd4 Be1 40. Rb2+ Bb4 41. Nxa5 Qxa5 42. Rxb4+ Ka8 43. Rb5 Qe1 44. Rb2 Rc8 45. d6 Qa5 46. d7 Rd8 47. Rb5 Qc7 48. Qd5+ Ka7 49. Ra5+ Kb8 50. Ra8# 1-0

[Event "Gatwick e2e4 op-A"]
[Site "Gatwick"]
[Date "2011.06.17"]
[Round "1"]
[White "Franklin, Samuel Gideon"]
[Black "Said, Oliver"]
[Result "1/2-1/2"]
[WhiteElo "2191"]
[BlackElo "1874"]
[PlyCount "54"]
[EventDate "2011.06.17"]
[EventType "swiss"]
[EventRounds "5"]
[EventCountry "ENG"]
[SourceTitle "CBM 143 Extra"]
[Source "ChessBase"]
[SourceDate "2011.08.29"]
[SourceVersion "1"]
[SourceVersionDate "2011.08.29"]
[SourceQuality "1"]

1. e4 c5 2. Nf3 d6 3. d4 cxd4 4. Nxd4 Nf6 5. Nc3 g6 6. Be3 Bg7 7. f3 0-0 8. Qd2 Nc6 9. Bc4 Bd7 10. 0-0-0 Ne5 11. Bb3 Qa5 12. Kb1 Rfc8 13. Bg5 b5 14. Nd5 Qxd2 15. Rxd2 Kf8 16. Nxf6 Bxf6 17. Bxf6 exf6 18. Ne2 Ke7 19. Rhd1 Nc4 20. Bxc4 bxc4 21. Rxd6 Rc7 22. Nc3 Be6 23. f4 Rb8 24. f5 gxf5 25. exf5 Bxf5 26. Rxf6 Rxb2+ 27. Kxb2 Rb7+ 1/2-1/2